Statistics for Guess the Location #7

Click here to take the quiz!

General Stats

  • This quiz has been taken 42 times
  • The average score is 12 of 15

Answer Stats

Populated PlacesSovereign
State?
ContinentFirst
Letter
Location% Correct
Birmingham, Liverpool, NottinghamYEuropeUUnited Kingdom
100%
New York City, Los Angeles, ChicagoYN. Amer.UUnited States
100%
Graz, Linz, FavoritenYEuropeAAustria
98%
Aarhus, Odense, AalborgYEuropeDDenmark
98%
Surabaya, Medan, BandungYAsiaIIndonesia
98%
Zürich, Geneva, BaselYEuropeSSwitzerland
98%
Jeddah, Mecca, MedinaYAsiaSSaudi Arabia
93%
Keren, Massawa, AssabYAfricaEEritrea
90%
Carrefour, Delmas, Pétion-VilleYN. Amer.HHaiti
90%
Benghazi, Misratah, TarhunaYAfricaLLibya
88%
Kuala Belait, Seria, TutongYAsiaBBrunei
80%
Nouadhibou, Néma, KaédiYAfricaMMauritania
80%
Tanki Leendert, San Nicolaas, Santa CruzNN. Amer.AAruba
58%
Faʻaʻā, Punaʻauia, PīraʻeNOceaniaFFrench Polynesia
43%
Diego GarciaNAsiaBBritish Indian Ocean Territory
33%

Score Distribution

Percentile by Number Answered

Percent of People with Each Score

Your Score History

You have not taken this quiz